000 00544nam a2200169 i 4500
001 67971
003 ES-MaACL
005 20230906170200.0
007 t|
008 040216s1914 mx |||| | spa d
080 _a821.134.2(72)-31.09
100 1 _aGambea, Federico.
_953754
245 1 3 _aLa novela mexicana
_b: conferencia leída en la "Librería General", el día 3 de enero de 1914 /
_cFederico Gambea.
260 _aMéxico :
_b[s.n.],
_c1914.
650 4 _aNovela mexicana-
_xHistoria y crítica.
_9157026
852 _aES-MaACL
_j1569-F-11
999 _c67971
_d67971